000 00391nam a2200169Ia 4500
001 1174
003 IN-NITTTR
005 20251114232909.0
008 251113s9999||||xx |||||||||||||| ||eng||
040 _beng
040 _cIN-NITTTR
041 _aeng
082 _a621.483 T212N
100 _aTaylor, E. Openshaw
245 0 _aNuclear power plant. /
_cTaylor, E. Openshaw
942 _2ddc
_cBK
999 _c1269
_d1269